| 000 | 00000cas 2200000zi 4500 |
| 001 | 9.868374 |
| 003 | CaOODSP |
| 005 | 20260505104208 |
| 006 | m o d f |
| 007 | cr ||||||||||| |
| 008 | 190214c20199999oncar p|o f0###a0eng|d |
| 022 | |a2562-3834 |
| 040 | |aCaOODSP|beng|erda|cCaOODSP |
| 043 | |an-cn--- |
| 086 | 1 |aH79-5E-PDF |
| 222 | 0|aMeds pipeline monitor ... |
| 245 | 00|aMeds pipeline monitor ... |
| 264 | 1|aOttawa, ON : |bPatented Medicine Prices Review Board = Conseil d'examen du prix des médicaments brevetés, |c2019- |
| 310 | |aAnnual |
| 336 | |atext|2rdacontent |
| 337 | |acomputer|2rdamedia |
| 338 | |aonline resource|2rdacarrier |
| 362 | 1 |aBegan with 2018. |
| 500 | |aIssued also in French under title: L'observateur des médicaments émergents. |
| 500 | |a"National Prescription Drug Utilization Information System (NPDUIS)." |
| 692 | 07|2gccst|aDrugs |
| 692 | 07|2gccst|aResearch and development |
| 710 | 1 |aCanada. |bPatented Medicine Prices Review Board. |
| 775 | 08|tL'observateur des médicaments émergents.|w(CaOODSP)9.503855 |
| 780 | 00|tNew drug pipeline monitor.|w(CaOODSP)9.507462 |